000 00737nam a2200253Ia 4500
003 OSt
005 20220928102013.0
006 a|||||r|||| 00| 0
007 ta
008 220927b |||||||| |||| 00| 0 san d
020 _cINR 350.00
024 _a136159
037 _b489, 25/10/2017, Vidyanidhi Prakashan
_cTextual
040 _aSDCL
_cSDCL
_bsan
041 _2san
_asan
082 _aQ2:4x1,1, Q1
100 _aBhatt Rameshwar
_9396167
245 0 _aManusmrti
260 _aDelhi
_bChaukhamba Sanskrit Pratishthan
_c2011
300 _a1-370p
_ccm.
650 _aSanskrit
_9391587
942 _hQ2:4x1,1, Q1
_cTEXL
_2CC
999 _c711873
_d711873